Undermining position effects in choices from arrays, with implications for police lineups. (Record no. 347458)
[ view plain ]
| 000 -LEADER | |
|---|---|
| fixed length control field | 00563nam a2200133Ia 4500 |
| 008 - FIXED-LENGTH DATA ELEMENTS--GENERAL INFORMATION | |
| fixed length control field | 171207s9999 xx 000 0 und d |
| 100 ## - MAIN ENTRY--PERSONAL NAME | |
| Personal name | Palmer, Matthew A. |
| 245 ## - TITLE STATEMENT | |
| Title | Undermining position effects in choices from arrays, with implications for police lineups. |
| 245 ## - TITLE STATEMENT | |
| Statement of responsibility, etc | Palmer, Matthew A.; Sauer, James D.; Holt, Glenys A. |
| 260 ## - PUBLICATION, DISTRIBUTION, ETC. (IMPRINT) | |
| Date of publication, distribution, etc | 2017 |
| 300 ## - PHYSICAL DESCRIPTION | |
| Extent | pages 71-84, March 2017 |
| 440 ## - SERIES STATEMENT/ADDED ENTRY--TITLE | |
| Title | Journal of Experimental Psychology: Applied |
| Volume number/sequential designation | 23:1 |
| 650 ## - SUBJECT ADDED ENTRY--TOPICAL TERM | |
| Topical term or geographic name as entry element | CHOICE UNDER UNCERTAINTY, EDGE-AVERSION, EYEWITNESS IDENTIFICATION, POSITION EFFECTS, VISUAL ARRAY |
| Withdrawn status | Lost status | Damaged status | Home library | Current library | Date acquired | Total Checkouts | Date last seen | Price effective from | Koha item type |
|---|---|---|---|---|---|---|---|---|---|
| College Library | College Library | 12/07/2017 | 12/07/2017 | 12/07/2017 | Periodicals |